000 00715nam a2200265Ia 4500
001 Para_4257
003 CHAP
008 220125s1917 xx 000 0 und d
010 _a202784
040 _cCHAP
090 _aPA FOLLETO 1498
100 _aWhite, G. F
_9121688
245 _aSacbrood /
_c G. F. White
260 _aWashington :
_b Department of Agriculture
300 _a55 p.
440 _aEUA. Department of Agriculture. Bull.; 431
_9168169
650 _aAbejas
_x Enfermedades Colmenas
_9168170
901 _aPA FOLLETO 1498
902 _aA
905 _a0000001917 WASa 0000000000 00
910 _a1917
942 _cPARA
942 _cPARA
_d1
999 _c202784
_d202784